000 00508nam a2200181Ia 4500
001 11244
005 20260306161932.0
008 260306t1998||||xx |||||||||||||| ||spa||
041 _aESP
082 _a985.02
_bA153
100 _aAnello Oliva, Giovanni
_eAUT
245 0 _aHistoria del reino y provincias del Perú y vidas de los varones insignes de la compañía de Jesús
260 _c1998
300 _alxii, 387 páginas :
_c20 cm.
650 _aGEN
654 _aCHU
942 _cLIB
_dJUS
_fJUS
_2ddc
_n
999 _c11244
_d11244